Reconnais et nomme ces artistes internationaux VOL6 - Statistiques

Statistiques générales
  • Ce quiz a été pris 25 fois
  • Le résultat moyen est 8 sur 16
Statistiques - réponses
Par images Réponse % Correct
Bob Marley
92%
Robbie Williams
92%
David Bowie
88%
Ariana Grande
80%
Maroon 5
76%
Nirvana
72%
Prince
72%
Cindy Lauper
52%
Lana Del Rey
44%
Kate Bush
40%
Annie Lennox
36%
P!nk
32%
Backstreet Boys
24%
Youssou N'Dour
24%
Melanie C
20%
Marc Anthony
4%
Aucun quiz correspondant
Distribution des résultats
% des personnes avec chaque résultat
Percentile par nombre de réponses
Votre historique - résultats
Vous n’avez pas pris ce quiz